[Event "European Women's Championship"]
[Site "Vysoke Tatry"]
[Date "2018.04.12"]
[Round "5"]
[White "Gunina, Valentina"]
[Black "Shvayger, Yuliya"]
[Result "1-0"]
[Board "3"]
[WhiteElo "2507"]
[WhiteTitle "GM"]
[WhiteCountry "RUS"]
[WhiteFideId "4167570"]
[WhiteEloChange "4"]
[BlackElo "2404"]
[BlackTitle "IM"]
[BlackCountry "ISR"]
[BlackFideId "14100126"]
[BlackEloChange "-4"]

1. e4 {[%clk 1:30:56]} e6 {[%clk 1:30:27]} 2. d4 {[%clk 1:31:19]} d5 {[%clk
1:30:48]} 3. Nd2 {[%clk 1:31:44]} c5 {[%clk 1:30:50]} 4. Ngf3 {[%clk 1:32:04]}
cxd4 {[%clk 1:30:14]} 5. Nxd4 {[%clk 1:32:02]} Nc6 {[%clk 1:30:02]} 6. Bb5 {[%clk
1:31:22]} Bd7 {[%clk 1:30:21]} 7. Nxc6 {[%clk 1:31:42]} bxc6 {[%clk 1:30:49]} 8.
Bd3 {[%clk 1:32:05]} Qc7 {[%clk 1:28:43]} 9. Qe2 {[%clk 1:32:19]} Ne7 {[%clk
1:26:04]} 10. Nf3 {[%clk 1:31:10]} Ng6 {[%clk 1:26:01]} 11. O-O {[%clk 1:30:22]}
Bd6 {[%clk 1:25:33]} 12. Re1 {[%clk 1:28:40]} Nf4 {[%clk 1:24:50]} 13. Bxf4
{[%clk 1:27:50]} Bxf4 {[%clk 1:25:18]} 14. Rad1 {[%clk 1:22:16]} O-O {[%clk
1:24:50]} 15. c4 {[%clk 1:21:15]} g6 {[%clk 1:14:08]} 16. Qc2 {[%clk 1:11:07]}
dxe4 {[%clk 0:45:44]} 17. Bxe4 {[%clk 1:11:05]} Rad8 {[%clk 0:44:42]} 18. c5
{[%clk 1:04:27]} Rb8 {[%clk 0:39:30]} 19. g3 {[%clk 1:01:48]} Bh6 {[%clk
0:39:52]} 20. Rd6 {[%clk 1:00:06]} Bg7 {[%clk 0:36:11]} 21. Qd2 {[%clk 0:58:08]}
Be8 {[%clk 0:35:30]} 22. b4 {[%clk 0:57:30]} a5 {[%clk 0:34:49]} 23. a3 {[%clk
0:57:30]} axb4 {[%clk 0:35:11]} 24. axb4 {[%clk 0:57:57]} e5 {[%clk 0:31:26]} 25.
Bd3 {[%clk 0:52:19]} f6 {[%clk 0:31:40]} 26. Bc4+ {[%clk 0:52:43]} Kh8 {[%clk
0:26:10]} 27. Kg2 {[%clk 0:48:17]} Qb7 {[%clk 0:20:17]} 28. Rb1 {[%clk 0:47:37]}
Bf7 {[%clk 0:15:15]} 29. Bxf7 {[%clk 0:43:26]} Rxf7 {[%clk 0:15:39]} 30. Qa2
{[%clk 0:43:05]} Rc8 {[%clk 0:11:36]} 31. Nd2 {[%clk 0:39:48]} f5 {[%clk
0:01:52]} 32. Nf3 {[%clk 0:39:04]} Bf6 {[%clk 0:02:01]} 33. Qe6 {[%clk 0:38:58]}
e4 {[%clk 0:01:49]} 34. Ne5 {[%clk 0:39:14]} Bxe5 {[%clk 0:01:33]} 35. Qxe5+
{[%clk 0:39:43]} Kg8 {[%clk 0:01:51]} 36. Rbd1 {[%clk 0:39:24]} Rcf8 {[%clk
0:01:03]} 37. Rd8 {[%clk 0:38:49]} Qe7 {[%clk 0:00:40]} 38. Rxf8+ {[%clk
0:38:55]} Qxf8 {[%clk 0:01:08]} 39. Rd6 {[%clk 0:39:10]} f4 {[%clk 0:01:01]} 40.
Qxe4 {[%clk 1:08:38]} fxg3 {[%clk 0:31:03]} 41. fxg3 {[%clk 1:08:37]} Rf2+ {[%clk
0:23:21]} 42. Kh3 {[%clk 1:08:33]} Qh6+ {[%clk 0:23:42]} 43. Qh4 {[%clk 1:08:29]}
Qxh4+ {[%clk 0:23:58]} 44. Kxh4 {[%clk 1:06:19]} Rxh2+ {[%clk 0:22:21]} 45. Kg5
{[%clk 1:06:46]} Rg2 {[%clk 0:13:27]} 46. Rxc6 {[%clk 1:04:36]} Rxg3+ {[%clk
0:12:49]} 47. Kf4 {[%clk 1:04:01]} Rb3 {[%clk 0:13:07]} 48. Rb6 {[%clk 1:04:28]}
Kf7 {[%clk 0:12:53]} 49. b5 {[%clk 1:04:51]} Ke7 {[%clk 0:09:48]} 50. Rb7+ {[%clk
1:04:22]} Kd8 {[%clk 0:09:18]} 51. c6 {[%clk 1:02:59]} h5 {[%clk 0:07:09]} 52.
Ke5 {[%clk 1:03:10]} h4 {[%clk 0:06:23]} 53. Kd6 {[%clk 1:03:03]} Rd3+ {[%clk
0:06:46]} 54. Kc5 {[%clk 1:03:27]} Rc3+ {[%clk 0:05:20]} 55. Kb6 {[%clk 1:03:48]}
g5 {[%clk 0:05:21]} 56. Rg7 {[%clk 1:03:53]} 1-0

[Event "European Women's Championship"]
[Site "Vysoke Tatry"]
[Date "2018.04.12"]
[Round "5"]
[White "Sebag, Marie"]
[Black "Ovod, Evgenija"]
[Result "1/2-1/2"]
[Board "4"]
[WhiteElo "2492"]
[WhiteTitle "GM"]
[WhiteCountry "FRA"]
[WhiteFideId "617822"]
[WhiteEloChange "-2"]
[BlackElo "2366"]
[BlackTitle "IM"]
[BlackCountry "RUS"]
[BlackFideId "4131827"]
[BlackEloChange "3"]

1. e4 {[%clk 1:30:57]} c5 {[%clk 1:30:55]} 2. Nf3 {[%clk 1:31:03]} e6 {[%clk
1:31:19]} 3. c3 {[%clk 1:31:29]} d5 {[%clk 1:31:43]} 4. exd5 {[%clk 1:31:53]}
Qxd5 {[%clk 1:32:08]} 5. d4 {[%clk 1:31:57]} Nf6 {[%clk 1:32:30]} 6. Na3 {[%clk
1:31:28]} Nc6 {[%clk 1:32:43]} 7. Be3 {[%clk 1:28:43]} cxd4 {[%clk 1:33:06]} 8.
Nb5 {[%clk 1:28:49]} Qd8 {[%clk 1:33:31]} 9. Nbxd4 {[%clk 1:29:08]} Nd5 {[%clk
1:33:55]} 10. Bg5 {[%clk 1:29:06]} f6 {[%clk 1:28:02]} 11. Bd2 {[%clk 1:27:49]}
e5 {[%clk 1:19:18]} 12. Nxc6 {[%clk 1:15:57]} bxc6 {[%clk 1:19:45]} 13. Qc2
{[%clk 1:12:57]} Qb6 {[%clk 1:20:09]} 14. Bd3 {[%clk 1:09:36]} Ba6 {[%clk
1:20:36]} 15. O-O {[%clk 1:00:12]} Bxd3 {[%clk 1:13:16]} 16. Qxd3 {[%clk
1:00:37]} Be7 {[%clk 1:13:42]} 17. c4 {[%clk 0:38:03]} Nc7 {[%clk 1:10:22]} 18.
Be3 {[%clk 0:32:33]} c5 {[%clk 1:01:50]} 19. Nh4 {[%clk 0:29:08]} g6 {[%clk
1:00:31]} 20. f4 {[%clk 0:26:44]} f5 {[%clk 0:53:40]} 21. Nf3 {[%clk 0:20:46]} e4
{[%clk 0:44:24]} 22. Qc3 {[%clk 0:21:12]} Bf6 {[%clk 0:44:49]} 23. Ne5 {[%clk
0:21:33]} O-O-O {[%clk 0:45:06]} 24. Rad1 {[%clk 0:18:14]} Rhe8 {[%clk 0:40:43]}
25. Qa3 {[%clk 0:16:25]} Rxd1 {[%clk 0:22:19]} 26. Rxd1 {[%clk 0:16:46]} Bxe5
{[%clk 0:22:45]} 27. fxe5 {[%clk 0:17:11]} Rxe5 {[%clk 0:23:10]} 28. Qc3 {[%clk
0:16:25]} Re7 {[%clk 0:09:56]} 29. b4 {[%clk 0:07:09]} Qxb4 {[%clk 0:09:48]} 30.
Qh8+ {[%clk 0:06:40]} Kb7 {[%clk 0:06:33]} 31. Qd8 {[%clk 0:06:52]} Re6 {[%clk
0:05:19]} 32. Bf4 {[%clk 0:06:12]} Rc6 {[%clk 0:04:45]} 33. Qd7 {[%clk 0:06:30]}
e3 {[%clk 0:02:26]} 34. Bxe3 {[%clk 0:06:31]} Qxc4 {[%clk 0:02:45]} 35. Rc1
{[%clk 0:02:58]} Qe6 {[%clk 0:02:44]} 36. Qd2 {[%clk 0:03:04]} Rd6 {[%clk
0:01:28]} 37. Qb2+ {[%clk 0:02:54]} Rb6 {[%clk 0:01:40]} 38. Qa3 {[%clk 0:03:03]}
Na6 {[%clk 0:00:57]} 39. Bxc5 {[%clk 0:02:52]} Nxc5 {[%clk 0:00:54]} 40. Qxc5
{[%clk 0:33:17]} Qd7 {[%clk 0:30:36]} 41. Re1 {[%clk 0:31:28]} Rb5 {[%clk
0:25:13]} 42. Qc4 {[%clk 0:23:00]} Rb6 {[%clk 0:19:14]} 43. Qc5 {[%clk 0:22:25]}
Rb5 {[%clk 0:14:35]} 1/2-1/2

[Event "European Women's Championship"]
[Site "Vysoke Tatry"]
[Date "2018.04.12"]
[Round "5"]
[White "Arabidze, Meri"]
[Black "Goryachkina, Aleksandra"]
[Result "0-1"]
[Board "5"]
[WhiteElo "2393"]
[WhiteTitle "IM"]
[WhiteCountry "GEO"]
[WhiteFideId "13604040"]
[WhiteEloChange "-7"]
[BlackElo "2495"]
[BlackTitle "WGM"]
[BlackCountry "RUS"]
[BlackFideId "4147103"]
[BlackEloChange "4"]

1. d4 {[%clk 1:30:56]} e6 {[%clk 1:30:45]} 2. c4 {[%clk 1:31:17]} Nf6 {[%clk
1:31:09]} 3. Nc3 {[%clk 1:31:32]} Bb4 {[%clk 1:31:16]} 4. f3 {[%clk 1:31:51]} d5
{[%clk 1:30:46]} 5. a3 {[%clk 1:32:09]} Bxc3+ {[%clk 1:31:02]} 6. bxc3 {[%clk
1:32:37]} c5 {[%clk 1:31:17]} 7. cxd5 {[%clk 1:32:50]} exd5 {[%clk 1:31:41]} 8.
e3 {[%clk 1:33:03]} O-O {[%clk 1:31:46]} 9. Bd3 {[%clk 1:33:19]} b6 {[%clk
1:31:44]} 10. Ne2 {[%clk 1:33:31]} Ba6 {[%clk 1:31:54]} 11. O-O {[%clk 1:33:45]}
Re8 {[%clk 1:32:10]} 12. Ng3 {[%clk 1:33:01]} Bxd3 {[%clk 1:32:14]} 13. Qxd3
{[%clk 1:33:29]} Nc6 {[%clk 1:32:29]} 14. Bb2 {[%clk 1:33:10]} h5 {[%clk
1:32:42]} 15. Rae1 {[%clk 1:30:44]} h4 {[%clk 1:30:06]} 16. Nh1 {[%clk 1:24:24]}
Qd7 {[%clk 1:28:02]} 17. Nf2 {[%clk 1:14:48]} Rad8 {[%clk 1:27:21]} 18. Nh3
{[%clk 1:10:36]} a5 {[%clk 1:06:15]} 19. Qc2 {[%clk 1:01:41]} Ne7 {[%clk
1:01:54]} 20. e4 {[%clk 0:59:24]} cxd4 {[%clk 0:59:02]} 21. cxd4 {[%clk 0:58:09]}
Rc8 {[%clk 0:58:10]} 22. Qf2 {[%clk 0:50:55]} Ng6 {[%clk 0:57:02]} 23. e5 {[%clk
0:47:16]} Nh7 {[%clk 0:53:36]} 24. f4 {[%clk 0:44:58]} Qf5 {[%clk 0:52:19]} 25.
Re2 {[%clk 0:44:37]} Nhf8 {[%clk 0:47:59]} 26. Qf3 {[%clk 0:32:32]} Ne6 {[%clk
0:45:17]} 27. Ref2 {[%clk 0:29:49]} Ne7 {[%clk 0:40:43]} 28. Qb3 {[%clk 0:27:13]}
Rc6 {[%clk 0:37:28]} 29. a4 {[%clk 0:26:33]} Rec8 {[%clk 0:36:12]} 30. Qb5 {[%clk
0:21:09]} Qe4 {[%clk 0:30:25]} 31. Re2 {[%clk 0:03:53]} Qg6 {[%clk 0:29:08]} 32.
f5 {[%clk 0:03:27]} Nxf5 {[%clk 0:29:25]} 33. Qxd5 {[%clk 0:03:52]} Rc2 {[%clk
0:22:48]} 34. Rxc2 {[%clk 0:01:32]} Rxc2 {[%clk 0:23:08]} 35. Qa8+ {[%clk
0:00:51]} Kh7 {[%clk 0:22:28]} 36. Qe4 {[%clk 0:01:12]} Ne3 {[%clk 0:14:09]} 37.
Qxg6+ {[%clk 0:00:43]} Kxg6 {[%clk 0:14:37]} 38. Rf2 {[%clk 0:00:56]} Rxf2 {[%clk
0:14:05]} 39. Nxf2 {[%clk 0:01:23]} Kf5 {[%clk 0:14:24]} 40. g3 {[%clk 0:30:47]}
hxg3 {[%clk 0:44:19]} 41. hxg3 {[%clk 0:28:42]} Ng5 {[%clk 0:40:21]} 42. Kh2
{[%clk 0:26:22]} g6 {[%clk 0:34:59]} 43. Bc1 {[%clk 0:22:15]} Nf3+ {[%clk
0:33:14]} 44. Kh3 {[%clk 0:22:43]} Nc2 {[%clk 0:33:09]} 45. Ng4 {[%clk 0:18:13]}
Nfxd4 {[%clk 0:30:58]} 46. Nf6 {[%clk 0:18:26]} Nb3 {[%clk 0:28:04]} 47. Bh6
{[%clk 0:15:35]} Nc5 {[%clk 0:27:58]} 48. Ne8 {[%clk 0:15:55]} Kxe5 {[%clk
0:26:49]} 49. Bf4+ {[%clk 0:15:53]} Ke6 {[%clk 0:26:58]} 50. Nc7+ {[%clk
0:15:28]} Kd7 {[%clk 0:27:12]} 0-1

[Event "European Women's Championship"]
[Site "Vysoke Tatry"]
[Date "2018.04.12"]
[Round "5"]
[White "Mammadzada, Gunay"]
[Black "Khotenashvili, Bela"]
[Result "1-0"]
[Board "6"]
[WhiteElo "2392"]
[WhiteTitle "IM"]
[WhiteCountry "AZE"]
[WhiteFideId "13403729"]
[WhiteEloChange "13"]
[BlackElo "2484"]
[BlackTitle "GM"]
[BlackCountry "GEO"]
[BlackFideId "13602640"]
[BlackEloChange "-6"]

1. e4 {[%clk 1:30:55]} e5 {[%clk 1:30:50]} 2. Nf3 {[%clk 1:31:20]} Nc6 {[%clk
1:31:14]} 3. Bb5 {[%clk 1:31:46]} a6 {[%clk 1:31:39]} 4. Ba4 {[%clk 1:31:53]} d6
{[%clk 1:32:00]} 5. c3 {[%clk 1:32:11]} f5 {[%clk 1:32:19]} 6. exf5 {[%clk
1:28:51]} Bxf5 {[%clk 1:32:44]} 7. O-O {[%clk 1:29:06]} Bd3 {[%clk 1:33:09]} 8.
Re1 {[%clk 1:28:56]} Be7 {[%clk 1:33:29]} 9. Bc2 {[%clk 1:26:16]} Bxc2 {[%clk
1:33:18]} 10. Qxc2 {[%clk 1:26:44]} Nf6 {[%clk 1:33:34]} 11. d4 {[%clk 1:18:10]}
e4 {[%clk 1:33:18]} 12. Nfd2 {[%clk 1:04:48]} d5 {[%clk 1:33:26]} 13. f3 {[%clk
1:04:20]} exf3 {[%clk 1:33:33]} 14. Nxf3 {[%clk 1:04:45]} O-O {[%clk 1:33:53]}
15. Bg5 {[%clk 1:01:08]} Qd7 {[%clk 1:23:13]} 16. Nbd2 {[%clk 0:59:46]} Rae8
{[%clk 1:19:32]} 17. Re2 {[%clk 0:53:40]} Bd6 {[%clk 1:13:55]} 18. Rxe8 {[%clk
0:49:10]} Qxe8 {[%clk 1:11:01]} 19. Bxf6 {[%clk 0:38:12]} Rxf6 {[%clk 1:10:19]}
20. Qb3 {[%clk 0:35:53]} Qe3+ {[%clk 0:45:09]} 21. Kh1 {[%clk 0:35:58]} Ne7
{[%clk 0:44:36]} 22. Qxb7 {[%clk 0:32:22]} Qh6 {[%clk 0:14:26]} 23. Nf1 {[%clk
0:19:31]} Qh5 {[%clk 0:06:24]} 24. Re1 {[%clk 0:14:15]} h6 {[%clk 0:06:47]} 25.
Kg1 {[%clk 0:13:21]} Qf5 {[%clk 0:01:56]} 26. Qb3 {[%clk 0:09:43]} Kh8 {[%clk
0:01:25]} 27. Qd1 {[%clk 0:08:58]} a5 {[%clk 0:01:50]} 28. Qb1 {[%clk 0:06:14]}
Qg4 {[%clk 0:02:04]} 29. Ne3 {[%clk 0:05:30]} Qh5 {[%clk 0:01:48]} 30. Qd1 {[%clk
0:05:34]} Bf4 {[%clk 0:01:42]} 31. Ng4 {[%clk 0:03:56]} Qxg4 {[%clk 0:01:48]} 32.
Rxe7 {[%clk 0:04:24]} Re6 {[%clk 0:00:39]} 33. Rxe6 {[%clk 0:04:22]} Qxe6 {[%clk
0:01:07]} 34. g3 {[%clk 0:03:10]} Be3+ {[%clk 0:00:58]} 35. Kf1 {[%clk 0:02:30]}
Qh3+ {[%clk 0:00:36]} 36. Ke2 {[%clk 0:02:52]} Bg5 {[%clk 0:00:59]} 37. Qf1
{[%clk 0:00:57]} Qg4 {[%clk 0:00:41]} 38. Kf2 {[%clk 0:01:09]} Qf5 {[%clk
0:00:42]} 39. Qe2 {[%clk 0:01:10]} Bc1 {[%clk 0:00:42]} 40. b3 {[%clk 0:30:41]}
Ba3 {[%clk 0:30:47]} 41. c4 {[%clk 0:24:41]} c5 {[%clk 0:21:58]} 42. dxc5 {[%clk
0:20:46]} Bxc5+ {[%clk 0:22:07]} 43. Kg2 {[%clk 0:21:12]} dxc4 {[%clk 0:21:39]}
44. Qxc4 {[%clk 0:20:10]} Bb4 {[%clk 0:16:31]} 45. Nh4 {[%clk 0:13:57]} Qd7
{[%clk 0:15:18]} 46. a4 {[%clk 0:12:35]} Qb7+ {[%clk 0:12:26]} 47. Kh3 {[%clk
0:12:42]} Qd7+ {[%clk 0:12:13]} 48. Qg4 {[%clk 0:12:29]} Qe8 {[%clk 0:09:32]} 49.
Qf5 {[%clk 0:12:18]} Qe2 {[%clk 0:02:55]} 50. Ng6+ {[%clk 0:10:20]} Kg8 {[%clk
0:03:23]} 51. Qd5+ {[%clk 0:09:33]} Kh7 {[%clk 0:03:52]} 52. Nf4 {[%clk 0:09:37]}
Qb2 {[%clk 0:00:59]} 53. Nd3 {[%clk 0:08:56]} Qb1 {[%clk 0:00:37]} 54. Nxb4
{[%clk 0:08:00]} axb4 {[%clk 0:00:49]} 55. Qc4 {[%clk 0:07:05]} Qf5+ {[%clk
0:00:40]} 56. Kg2 {[%clk 0:07:29]} Qa5 {[%clk 0:00:41]} 57. h4 {[%clk 0:05:13]}
Qa8+ {[%clk 0:00:54]} 58. Kf2 {[%clk 0:05:12]} Qa7+ {[%clk 0:01:10]} 59. Kf3
{[%clk 0:05:25]} Qb6 {[%clk 0:01:23]} 60. Qd3+ {[%clk 0:05:38]} Kh8 {[%clk
0:01:42]} 61. Qc4 {[%clk 0:02:52]} Qf6+ {[%clk 0:01:54]} 62. Kg2 {[%clk 0:01:55]}
Qb2+ {[%clk 0:00:59]} 63. Kh3 {[%clk 0:02:23]} Qc3 {[%clk 0:01:02]} 64. Qd5
{[%clk 0:01:50]} Qc8+ {[%clk 0:01:24]} 65. Kg2 {[%clk 0:02:13]} Qc2+ {[%clk
0:01:42]} 66. Kf3 {[%clk 0:02:39]} Qc3+ {[%clk 0:01:49]} 67. Kg4 {[%clk 0:02:57]}
Qc8+ {[%clk 0:02:06]} 68. Qf5 {[%clk 0:02:26]} Qc3 {[%clk 0:00:55]} 69. Qe6
{[%clk 0:02:23]} Qc5 {[%clk 0:00:53]} 70. Qe8+ {[%clk 0:01:43]} Kh7 {[%clk
0:01:22]} 71. Qf7 {[%clk 0:01:02]} Qd4+ {[%clk 0:01:38]} 72. Kh3 {[%clk 0:00:51]}
Qe4 {[%clk 0:01:21]} 73. Kh2 {[%clk 0:00:33]} Qe2+ {[%clk 0:01:15]} 74. Kg1
{[%clk 0:00:52]} Qd1+ {[%clk 0:01:01]} 75. Kf2 {[%clk 0:00:59]} Qd2+ {[%clk
0:01:18]} 76. Kf3 {[%clk 0:01:05]} Qd3+ {[%clk 0:01:40]} 77. Kg4 {[%clk 0:00:51]}
Qd1+ {[%clk 0:01:44]} 78. Qf3 {[%clk 0:00:57]} Qd4+ {[%clk 0:00:54]} 79. Kh3
{[%clk 0:00:58]} Qd7+ {[%clk 0:00:49]} 80. g4 {[%clk 0:01:22]} Qe7 {[%clk
0:00:37]} 81. a5 {[%clk 0:01:12]} Qc5 {[%clk 0:00:47]} 82. Qf5+ {[%clk 0:01:28]}
1-0

[Event "European Women's Championship"]
[Site "Vysoke Tatry"]
[Date "2018.04.12"]
[Round "5"]
[White "Stefanova, Antoaneta"]
[Black "Nechaeva, Marina"]
[Result "1/2-1/2"]
[Board "7"]
[WhiteElo "2479"]
[WhiteTitle "GM"]
[WhiteCountry "FID"]
[WhiteFideId "2902257"]
[WhiteEloChange "-1"]
[BlackElo "2413"]
[BlackTitle "IM"]
[BlackCountry "RUS"]
[BlackFideId "4149351"]
[BlackEloChange "1"]

1. Nf3 {[%clk 1:28:59]} d5 {[%clk 1:30:55]} 2. g3 {[%clk 1:29:21]} Bg4 {[%clk
1:31:20]} 3. Bg2 {[%clk 1:29:46]} Nd7 {[%clk 1:31:46]} 4. c4 {[%clk 1:29:03]} e6
{[%clk 1:32:10]} 5. cxd5 {[%clk 1:28:55]} exd5 {[%clk 1:32:34]} 6. O-O {[%clk
1:28:20]} Ngf6 {[%clk 1:32:59]} 7. d3 {[%clk 1:28:36]} c6 {[%clk 1:33:24]} 8. Qc2
{[%clk 1:28:08]} Be7 {[%clk 1:33:34]} 9. e4 {[%clk 1:14:21]} O-O {[%clk 1:15:54]}
10. Nc3 {[%clk 0:56:06]} dxe4 {[%clk 0:54:02]} 11. dxe4 {[%clk 0:56:24]} Bxf3
{[%clk 0:45:30]} 12. Bxf3 {[%clk 0:56:49]} Bc5 {[%clk 0:45:08]} 13. h3 {[%clk
0:48:36]} Re8 {[%clk 0:36:32]} 14. Kh2 {[%clk 0:44:17]} Bb4 {[%clk 0:30:48]} 15.
Bg2 {[%clk 0:37:44]} Nc5 {[%clk 0:29:38]} 16. f3 {[%clk 0:33:13]} Qd3 {[%clk
0:23:15]} 17. Qf2 {[%clk 0:29:00]} Bxc3 {[%clk 0:22:58]} 18. bxc3 {[%clk
0:19:43]} Na4 {[%clk 0:22:08]} 19. Be3 {[%clk 0:18:03]} Nxc3 {[%clk 0:16:52]} 20.
Bxa7 {[%clk 0:17:40]} b5 {[%clk 0:09:22]} 21. a3 {[%clk 0:16:55]} Re7 {[%clk
0:06:43]} 22. Bc5 {[%clk 0:13:01]} Rd7 {[%clk 0:07:05]} 23. Rfc1 {[%clk 0:12:34]}
Na4 {[%clk 0:04:50]} 24. Bb4 {[%clk 0:10:27]} Rc7 {[%clk 0:05:07]} 25. Rc2 {[%clk
0:06:46]} h6 {[%clk 0:03:42]} 26. Rac1 {[%clk 0:04:41]} Qd7 {[%clk 0:02:44]} 27.
h4 {[%clk 0:04:43]} Qe6 {[%clk 0:01:02]} 28. Bh3 {[%clk 0:04:14]} Qe8 {[%clk
0:01:29]} 29. Bd6 {[%clk 0:04:28]} Rcc8 {[%clk 0:01:48]} 30. Bxc8 {[%clk
0:03:59]} Rxc8 {[%clk 0:02:17]} 31. Qd4 {[%clk 0:04:12]} Qd7 {[%clk 0:01:42]} 32.
e5 {[%clk 0:01:12]} Nd5 {[%clk 0:02:06]} 33. Qe4 {[%clk 0:01:00]} Nab6 {[%clk
0:02:04]} 34. Bc5 {[%clk 0:01:04]} Nc4 {[%clk 0:02:03]} 35. a4 {[%clk 0:00:58]}
Qe6 {[%clk 0:01:58]} 36. Re1 {[%clk 0:00:59]} h5 {[%clk 0:01:21]} 37. f4 {[%clk
0:01:17]} g6 {[%clk 0:01:45]} 38. Rxc4 {[%clk 0:00:47]} bxc4 {[%clk 0:02:11]} 39.
Qxc4 {[%clk 0:01:13]} Ra8 {[%clk 0:01:27]} 40. Bd6 {[%clk 0:31:21]} Nb6 {[%clk
0:30:37]} 41. Qxe6 {[%clk 0:13:44]} fxe6 {[%clk 0:31:03]} 42. Rc1 {[%clk
0:11:14]} Rxa4 {[%clk 0:31:22]} 43. Rxc6 {[%clk 0:11:38]} Ra2+ {[%clk 0:31:19]}
44. Kg1 {[%clk 0:11:32]} Nd5 {[%clk 0:31:07]} 45. Bc5 {[%clk 0:11:38]} Kf7 {[%clk
0:17:09]} 46. Bf2 {[%clk 0:11:24]} Rb2 {[%clk 0:17:14]} 47. Rc1 {[%clk 0:11:16]}
Rb7 {[%clk 0:15:05]} 48. Ra1 {[%clk 0:11:33]} Ne7 {[%clk 0:14:06]} 49. Kg2 {[%clk
0:10:55]} Nf5 {[%clk 0:14:31]} 50. Ra3 {[%clk 0:11:16]} Rc7 {[%clk 0:13:07]} 51.
Kf3 {[%clk 0:11:19]} Nh6 {[%clk 0:12:01]} 52. Bb6 {[%clk 0:11:01]} Rb7 {[%clk
0:12:12]} 53. Bd4 {[%clk 0:10:29]} Rd7 {[%clk 0:12:22]} 54. Ke4 {[%clk 0:10:12]}
Nf5 {[%clk 0:12:26]} 55. Bf2 {[%clk 0:10:18]} Rc7 {[%clk 0:11:54]} 56. Rb3 {[%clk
0:09:55]} Rd7 {[%clk 0:12:08]} 57. Kf3 {[%clk 0:09:54]} Nh6 {[%clk 0:11:41]} 58.
Bc5 {[%clk 0:09:31]} Rc7 {[%clk 0:11:22]} 59. Bd6 {[%clk 0:09:38]} Rd7 {[%clk
0:11:04]} 60. Rb8 {[%clk 0:09:24]} Nf5 {[%clk 0:10:47]} 61. Rb6 {[%clk 0:09:04]}
Nd4+ {[%clk 0:10:07]} 62. Kg2 {[%clk 0:07:52]} Nf5 {[%clk 0:10:31]} 63. Kh3
{[%clk 0:05:54]} Nh6 {[%clk 0:10:53]} 64. Kh2 {[%clk 0:04:47]} Ng4+ {[%clk
0:10:52]} 65. Kg2 {[%clk 0:05:01]} Nh6 {[%clk 0:10:38]} 66. Kh3 {[%clk 0:05:20]}
Ng4 {[%clk 0:10:59]} 67. Rb8 {[%clk 0:04:36]} Ra7 {[%clk 0:07:51]} 68. Kg2 {[%clk
0:04:43]} Rd7 {[%clk 0:07:50]} 69. Kf3 {[%clk 0:04:49]} Ra7 {[%clk 0:07:51]} 70.
Ke4 {[%clk 0:04:08]} Ra4+ {[%clk 0:01:41]} 71. Kd3 {[%clk 0:04:07]} Ra7 {[%clk
0:02:01]} 72. Kc3 {[%clk 0:03:30]} Ne3 {[%clk 0:02:10]} 73. Rb3 {[%clk 0:02:19]}
Nf5 {[%clk 0:01:56]} 74. Kc4 {[%clk 0:02:29]} Ra4+ {[%clk 0:01:10]} 75. Kc5
{[%clk 0:02:11]} Ra5+ {[%clk 0:01:36]} 76. Kc4 {[%clk 0:02:20]} Ra4+ {[%clk
0:00:54]} 77. Kc5 {[%clk 0:02:12]} Ra5+ {[%clk 0:01:21]} 78. Kc4 {[%clk 0:02:38]}
Ra4+ {[%clk 0:01:48]} 79. Kc5 {[%clk 0:02:10]} 1/2-1/2